| 000 | 00804nam a2200217Ia 4500 | ||
|---|---|---|---|
| 005 | 20240530110936.0 | ||
| 008 | 140319s2009 xx 000 0 ara d | ||
| 020 | _a9789953822785 | ||
| 040 |
_aGCL / _cGCL |
||
| 082 | 0 | 4 |
_a509 / _bس ع |
| 100 | 1 | _aسمير ابو زيد | |
| 245 | 1 | 0 |
_aالعلم والنظرة العربية الى العالم : _bالتجربة العربية والتاسيس العلمى للنهضة / _cسمير ابو زيد |
| 250 | _aالاولى | ||
| 260 |
_aبيروت : _bمركز دراسات الوحدة العربية، _c2009 |
||
| 300 |
_a399 ص ؛ _c24 سم |
||
| 650 | 0 | 4 | _aالنهضة العربية |
| 650 | 0 | 4 | _aالاستقراء |
| 650 | 0 | 4 | _aالعلوم عند العرب |
| 942 |
_2ddc _cBK |
||
| 999 |
_c66749 _d66749 |
||